Statistics for Famous Soccer Players

Click here to take the quiz!

General Stats

  • This quiz has been taken 157 times
  • The average score is 14 of 15

Answer Stats

Answer% Correct
Cristiano Ronaldo
99%
Lionel Messi
99%
Kylian Mbappe
98%
Neymar
97%
Harry Kane
93%
Mohamed Salah
92%
Gareth Bale
91%
Luis Suarez
91%
Luka Modric
90%
Robert Lewandowski
89%
Sergio Ramos
89%
Antoine Griezmann
88%
Manuel Neuer
85%
Andres Iniesta
81%
Paul Pogba
80%

Score Distribution

Percentile by Number Answered

Percent of People with Each Score

Your Score History

You have not taken this quiz